<?xml version="1.0" encoding="UTF-8"?><record xmlns="http://www.loc.gov/MARC21/slim" xmlns:zs="http://docs.oasis-open.org/ns/search-ws/sruResponse">
  <leader>01775cz  a2200301n  4500</leader>
  <controlfield tag="001">n  80005737 </controlfield>
  <controlfield tag="003">DLC</controlfield>
  <controlfield tag="005">20230919064647.0</controlfield>
  <controlfield tag="008">800324n| azannaabn          |a aaa      </controlfield>
  <datafield ind1=" " ind2=" " tag="010">
    <subfield code="a">n  80005737 </subfield>
  </datafield>
  <datafield ind1=" " ind2=" " tag="035">
    <subfield code="a">(OCoLC)oca00388350</subfield>
  </datafield>
  <datafield ind1=" " ind2=" " tag="040">
    <subfield code="a">DLC</subfield>
    <subfield code="b">eng</subfield>
    <subfield code="e">rda</subfield>
    <subfield code="c">DLC</subfield>
    <subfield code="d">ICU</subfield>
    <subfield code="d">InU</subfield>
    <subfield code="d">Uk</subfield>
    <subfield code="d">ICrlF</subfield>
    <subfield code="d">OCoLC</subfield>
  </datafield>
  <datafield ind1=" " ind2=" " tag="046">
    <subfield code="f">1857-10-02</subfield>
    <subfield code="g">1942-05-19</subfield>
    <subfield code="2">edtf</subfield>
  </datafield>
  <datafield ind1="1" ind2=" " tag="100">
    <subfield code="a">Waite, Arthur Edward,</subfield>
    <subfield code="d">1857-1942</subfield>
  </datafield>
  <datafield ind1=" " ind2=" " tag="370">
    <subfield code="a">Brooklyn (New York, N.Y.)</subfield>
    <subfield code="b">Canterbury (England)</subfield>
    <subfield code="2">naf</subfield>
  </datafield>
  <datafield ind1=" " ind2=" " tag="372">
    <subfield code="a">Mysticism</subfield>
    <subfield code="2">lcsh</subfield>
  </datafield>
  <datafield ind1=" " ind2=" " tag="374">
    <subfield code="a">Mystics</subfield>
    <subfield code="a">Authors</subfield>
    <subfield code="2">lcsh</subfield>
  </datafield>
  <datafield ind1=" " ind2=" " tag="377">
    <subfield code="a">eng</subfield>
  </datafield>
  <datafield ind1="1" ind2=" " tag="400">
    <subfield code="a">Waite, A. E.</subfield>
    <subfield code="q">(Arthur Edward),</subfield>
    <subfield code="d">1857-1942</subfield>
  </datafield>
  <datafield ind1="1" ind2=" " tag="400">
    <subfield code="a">Uaĭt, Artur Ėdvard,</subfield>
    <subfield code="d">1857-1942</subfield>
  </datafield>
  <datafield ind1="0" ind2=" " tag="500">
    <subfield code="a">Grand Orient</subfield>
  </datafield>
  <datafield ind1=" " ind2=" " tag="670">
    <subfield code="a">His The real history of the ... 1887.</subfield>
  </datafield>
  <datafield ind1=" " ind2=" " tag="670">
    <subfield code="a">LCCN 1-23383: Basilius Valentinus. The triumphal chariot of antimony, 1893</subfield>
    <subfield code="b">(hdg.: Waite, Arthur Edward, 1857-1942; variant: A.E. Waite)</subfield>
  </datafield>
  <datafield ind1=" " ind2=" " tag="670">
    <subfield code="a">Novai︠a︡ ėnt︠s︡iklopedii︠a︡ masonstva, 2003:</subfield>
    <subfield code="b">t.p. (Artur Ėdvard Uaĭt)</subfield>
  </datafield>
  <datafield ind1=" " ind2=" " tag="670">
    <subfield code="a">Oxford DNB online, 10 Nov. 2008</subfield>
    <subfield code="b">(Arthur Edward Waite, mystic and historian of occultism; born 2 Oct. 1857 at Brooklyn, New York; died 19 May 1942 at Bridge, near Canterbury, on 19 May 1942)</subfield>
  </datafield>
  <datafield ind1=" " ind2=" " tag="670">
    <subfield code="a">Wikipedia, 10 Nov. 2008</subfield>
    <subfield code="b">(Arthur Edward Waite; born 2 Oct. 1857; died 19 May 1942; scholarly mystic, best known as the co-creator of the popular and widely used Rider-Waite Tarot deck)</subfield>
  </datafield>
  <datafield ind1=" " ind2=" " tag="670">
    <subfield code="a">Gilbert, R.A. "The masonic career of A.E. Waite" in AQC vol. 99 (1986), viewed online</subfield>
    <subfield code="b">(Arthur Edward Waite, born 2 Oct. 1857 in Brooklyn, NY; died 1942; used the pseud. "Grand Orient" on the title page of his "Handbook of cartomancy" in 1889)</subfield>
  </datafield>
  <datafield ind1=" " ind2=" " tag="670">
    <subfield code="a">Waite, Arthur Edward. The hidden church of the Holy Graal [ER], 2012 :</subfield>
    <subfield code="b">title page frame (Arthur Edward Waite)</subfield>
  </datafield>
</record>
